Nitaolewa nikipenda/ (Record no. 9386)
[ view plain ]
| 000 -LEADER | |
|---|---|
| fixed length control field | 00528nam a22001577a 4500 |
| 008 - FIXED-LENGTH DATA ELEMENTS--GENERAL INFORMATION | |
| fixed length control field | 151026b xxu||||| |||| 00| 0 eng d |
| 020 ## - INTERNATIONAL STANDARD BOOK NUMBER | |
| International Standard Book Number | 9789966461612 |
| 050 ## - LIBRARY OF CONGRESS CALL NUMBER | |
| Classification number | AFR PL 8379 .N45N5 1982 |
| 100 ## - MAIN ENTRY--PERSONAL NAME | |
| Personal name | Ngugi wa thiongo |
| 245 ## - TITLE STATEMENT | |
| Title | Nitaolewa nikipenda/ |
| Statement of responsibility, etc. | Ngugi wa thiongo and Ngugi Wa Mirii |
| 260 ## - PUBLICATION, DISTRIBUTION, ETC. (IMPRINT) | |
| Place of publication, distribution, etc. | Nairobi : |
| Name of publisher, distributor, etc. | EAEP, |
| Date of publication, distribution, etc. | 1982 |
| 300 ## - PHYSICAL DESCRIPTION | |
| Extent | viii,155p.: |
| Other physical details | ill. ; |
| 650 ## - SUBJECT ADDED ENTRY--TOPICAL TERM | |
| Topical term or geographic name as entry element | African literature |
| General subdivision | Tamthilia |
| 700 ## - ADDED ENTRY--PERSONAL NAME | |
| Personal name | Mirii Ngugi |
| 942 ## - ADDED ENTRY ELEMENTS (KOHA) | |
| Source of classification or shelving scheme | |
| Koha item type | Short Loan Books |
| Classification part | AFR PL 8379 .N45N5 1982 |
| Koha issues (borrowed), all copies | 12 |
| Withdrawn status | Lost status | Source of classification or shelving scheme | Damaged status | Not for loan | Home library | Current library | Date acquired | Total Checkouts | Full call number | Barcode | Date last seen | Date last checked out | Price effective from | Koha item type | Shelving location | Source of acquisition |
|---|---|---|---|---|---|---|---|---|---|---|---|---|---|---|---|---|
| MACHAKOS UNIVERSITY LIBRARY | MACHAKOS UNIVERSITY LIBRARY | 26/10/2015 | 11 | AFR PL 8379 .N45N5 | 17613 | 27/06/2023 | 27/06/2023 | 26/10/2015 | Africana (Books) | |||||||
| MACHAKOS UNIVERSITY LIBRARY | MACHAKOS UNIVERSITY LIBRARY | 05/12/2017 | 5 | AFR PL 8379 .N45N5 1982 | 37518 | 27/02/2023 | 27/02/2023 | 05/12/2017 | Africana (Books) | Africana | PURCHASE (TEXTBOOK) | |||||
| MACHAKOS UNIVERSITY LIBRARY | MACHAKOS UNIVERSITY LIBRARY | 05/12/2017 | 6 | AFR PL 8379 .N45N5 1982 | 37519 | 03/03/2023 | 01/03/2023 | 05/12/2017 | Africana (Books) | Africana | PURCHASE (TEXTBOOK) |